000 01109cab a22002055a 4500
001 L153992
008 110930e20110413xxk 000 0 eng d
035 _a(Sirsi) u153992
041 0 _aeng
245 0 0 _aFenice Investments Inc v Erram Falkus Construction Ltd
_h[electronic resource]
260 _c2011
520 _a[2011] EWHC 1678 (TCC), 6 July 2011. Concerns an application for summary judgment brought by Fenice Investments Inc., a company which had employed the defendant contractor; in normal circumstances any dispute over adjudicator's fees, if to be litigated at all, will not be as protracted as this one for the reasons given.
590 _aKA
650 2 4 _aFENICE V ERRAM FALKUS
651 4 _aEngland and Wales
_y1543-
690 _aBUILT ENVIRONMENT-CONSTRUCTION MANAGEMENT-BUILDING CONTRACT ADMINISTRATION
690 _aBUILT ENVIRONMENT-BUILDING CONTRACT FORMS
856 4 0 _uhttps://www.bailii.org/cgi-bin/markup.cgi?doc=/ew/cases/EWHC/TCC/2011/1678.html&query=title+(+fenice+)+and+title+(+falkus+)&method=boolean
_zView the judgement free of charge at www.bailii.org
942 _n0
999 _c83438
_d83438